Macroeconomics : (Record no. 47330)

MARC details
000 -LEADER
fixed length control field 00780nam a22002177a 4500
008 - FIXED-LENGTH DATA ELEMENTS--GENERAL INFORMATION
fixed length control field 161118b xxu||||| |||| 00| 0 eng d
020 ## - INTERNATIONAL STANDARD BOOK NUMBER
International Standard Book Number 9780321348272
050 ## - LIBRARY OF CONGRESS CALL NUMBER
Classification number HB172.5
Item number .E43 2006
100 ## - MAIN ENTRY--PERSONAL NAME
Personal name Ekelund, Robert B. (Robert Burton), 1940-
245 ## - TITLE STATEMENT
Title Macroeconomics :
Remainder of title private markets and public choice /
Statement of responsibility, etc Robert B. Ekelund, Jr., Rand W. Ressler, Robert D. Tollison
250 ## - EDITION STATEMENT
Edition statement 7th ed
260 ## - PUBLICATION, DISTRIBUTION, ETC. (IMPRINT)
Place of publication, distribution, etc Boston, Mass. :
Name of publisher, distributor, etc Pearson/Addison-Wesley,
Date of publication, distribution, etc 2006
300 ## - PHYSICAL DESCRIPTION
Extent xxxi, 838 p. :
Other physical details ill. ;
Dimensions 26 cm
440 ## - SERIES STATEMENT/ADDED ENTRY--TITLE
Title Addison-Wesley series in economics
500 ## - GENERAL NOTE
General note Professional copy
500 ## - GENERAL NOTE
General note Includes bibliographical references and index
650 ## - SUBJECT ADDED ENTRY--TOPICAL TERM
Topical term or geographic name as entry element Macroeconomics
700 ## - ADDED ENTRY--PERSONAL NAME
Personal name Tollison, Robert D
700 ## - ADDED ENTRY--PERSONAL NAME
Personal name Ressler, Rand W
942 ## - ADDED ENTRY ELEMENTS (KOHA)
Source of classification or shelving scheme Library of Congress Classification
Item type Book
Holdings
Withdrawn status Lost status Source of classification or shelving scheme Damaged status Not for loan Collection code Home library Current library Shelving location Date acquired Source of acquisition Cost, normal purchase price Total Checkouts Total Renewals Full call number Barcode Checked out Date last seen Date last borrowed Copy number Price effective from Koha item type
    Library of Congress Classification     Non-fiction Nairobi Campus Nairobi Campus General Circulation 18/11/2016 Donations 500.00 2 1 HB172.5 .E43 2006 048536 19/03/2020 17/02/2020 17/02/2020 1 18/11/2016 Book
    Library of Congress Classification     Non-fiction Nairobi Campus Nairobi Campus General Circulation 18/11/2016 Donations 500.00 1 1 HB172.5 .E43 2006 048537     23/03/2017 2 18/11/2016 Book
    Library of Congress Classification     Non-fiction Nairobi Campus Nairobi Campus General Circulation 17/03/2017 Donation-BFA 500.00 3   HB172.5 .E43 2006 051955     21/02/2020 3 17/03/2017 Book